[Event "11th Ugra Governor's Cup"]
[Site "Khanty-Mansiysk RUS"]
[Date "2015.11.23"]
[Round "1.1"]
[White "Iskusnyh, Sergei"]
[Black "Aleksandrov, Aleksej"]
[Result "0-1"]
[WhiteTitle "GM"]
[BlackTitle "GM"]
[WhiteElo "2482"]
[BlackElo "2615"]
[WhiteFideId "4120027"]
[BlackFideId "13500139"]
[EventDate "2015.11.23"]

1. c4 e6 2. g3 d5 3. Bg2 Nf6 4. Nf3 dxc4 5. Qa4+ Nbd7 6. Qxc4 c5 7. d3 Bd6 8. a4
O-O 9. O-O b6 10. Ng5 Ne5 11. Qb3 Rb8 12. f4 Ng6 13. Nd2 Be7 14. Nc4 Nd5 15. Nf3
Nb4 16. Bd2 Nc6 17. h4 Bf6 18. Bc3 Nge7 19. e4 Nd4 20. Bxd4 Bxd4+ 21. Kh2 Bb7
22. Rad1 Nc6 23. e5 Nb4 24. Rd2 Ba8 25. Qd1 a6 26. Nxd4 cxd4 27. Be4 Nd5 28. Qf3
b5 29. axb5 axb5 30. Nd6 Ne3 31. Ra1 b4 32. Nc4 Bxe4 33. Qxe4 Nf5 34. Rdd1 h5
35. Ra7 b3 36. Rda1 Rc8 37. R1a5 Ne3 38. Nd6 Rc2+ 39. Kg1 Rg2+ 40. Qxg2 Nxg2 41.
Kxg2 Qb6 42. Ne4 Kh7 43. Ra4 Kg6 44. Rd7 Qc6 45. Raxd4 Qc2+ 46. Kf3 Qxb2 47. Rb4
Qc2 48. Ke3 Qc1+ 49. Kf3 Qh1+ 50. Ke2 Ra8 51. f5+ exf5 52. Rb6+ Kh7 53. Ra7 fxe4 0-1

[Event "11th Ugra Governor's Cup"]
[Site "Khanty-Mansiysk RUS"]
[Date "2015.11.23"]
[Round "1.2"]
[White "Predke, Alexandr"]
[Black "Sjugirov, Sanan"]
[Result "1/2-1/2"]
[BlackTitle "GM"]
[WhiteElo "2518"]
[BlackElo "2646"]
[WhiteFideId "24107581"]
[BlackFideId "4189302"]
[EventDate "2015.11.23"]

1. e4 c5 2. Nf3 d6 3. c3 Nf6 4. Be2 Bd7 5. Qc2 Qc7 6. O-O g6 7. d4 cxd4 8. Nxd4
Bg7 9. c4 Nc6 10. Be3 O-O 11. Nb5 Qa5 12. N1c3 Rfc8 13. f3 a6 14. Na3 Be6 15.
Rac1 Ne5 16. Qa4 Qd8 17. Nd5 b5 18. Qd1 Rab8 19. b3 bxc4 20. Nxc4 Nxd5 21. exd5
Bd7 22. f4 Nxc4 23. Bxc4 Bb5 24. Qd3 Qa5 25. a4 Bxc4 26. Rxc4 Rxc4 27. Qxc4 Bf6
28. Rb1 Rb4 29. Qd3 Rb7 30. Kf2 Qb4 31. g3 Rb8 32. Ke2 Qb7 33. b4 e6 34. b5 a5
35. Rd1 Rc8 36. Rc1 Re8 37. Rc6 exd5 38. Qxd5 Qe7 39. Qd3 d5 1/2-1/2

[Event "11th Ugra Governor's Cup"]
[Site "Khanty-Mansiysk RUS"]
[Date "2015.11.23"]
[Round "1.3"]
[White "Khismatullin, Denis"]
[Black "Eliseev, Urii"]
[Result "1/2-1/2"]
[WhiteTitle "GM"]
[BlackTitle "GM"]
[WhiteElo "2654"]
[BlackElo "2548"]
[WhiteFideId "4142578"]
[BlackFideId "24131920"]
[EventDate "2015.11.23"]

1. Nf3 Nf6 2. g3 g6 3. b3 b6 4. Bg2 Bb7 5. Bb2 Bg7 6. c4 c5 7. O-O O-O 8. Nc3 d5
9. Nxd5 Nxd5 10. Bxg7 Kxg7 11. cxd5 Qxd5 12. d4 cxd4 13. Qxd4+ Qxd4 14. Nxd4
Bxg2 15. Kxg2 a5 16. Rfc1 Na6 17. Rc6 Rab8 18. a3 Rfd8 19. e3 Rdc8 20. Rac1 Rxc6
21. Rxc6 Kf8 22. Nf3 Ke8 23. Ne5 Nc5 24. b4 axb4 25. axb4 Ne4 26. g4 f6 27. Nc4
b5 28. Nb6 Rd8 29. Kf3 f5 30. gxf5 gxf5 31. Kf4 Nxf2 32. Kxf5 Nd3 33. Rh6 Nxb4
34. Rxh7 Rd6 35. Nc8 Rf6+ 36. Ke4 Re6+ 37. Kd4 Nc2+ 38. Kd3 Nb4+ 39. Kd4 Na6 40.
Na7 Nc7 41. Rh8+ Kd7 42. Rb8 1/2-1/2

[Event "11th Ugra Governor's Cup"]
[Site "Khanty-Mansiysk RUS"]
[Date "2015.11.23"]
[Round "1.4"]
[White "Artemiev, Vladislav"]
[Black "Bocharov, Dmitry"]
[Result "1-0"]
[WhiteTitle "GM"]
[BlackTitle "GM"]
[WhiteElo "2676"]
[BlackElo "2558"]
[WhiteFideId "24101605"]
[BlackFideId "4138716"]
[EventDate "2015.11.23"]

1. e4 d6 2. d4 Nf6 3. Nc3 g6 4. g3 Bg7 5. Bg2 O-O 6. Nge2 Nbd7 7. h3 c5 8. dxc5
Nxc5 9. Be3 Qc7 10. O-O Bd7 11. a4 Rac8 12. Re1 Qb8 13. Nf4 e6 14. Nb5 Ne8 15.
Nd3 b6 16. Nc3 Bc6 17. Nb4 Bb7 18. Bf4 Rd8 19. Qd2 Nf6 20. Qe3 Qc8 21. a5 d5 22.
exd5 exd5 23. a6 Nxa6 24. Nxa6 d4 25. Bxb7 Qxb7 26. Qd3 dxc3 27. Qxc3 Nd5 28.
Qf3 Qc8 29. Bg5 f6 30. Bf4 Qxc2 31. Nc7 Nxc7 32. Rac1 Qd3 33. Qxd3 Rxd3 34. Rxc7
f5 35. Ree7 Bxb2 36. Rxa7 Bd4 37. Red7 b5 38. Be5 Bxe5 39. Rxd3 b4 40. Rb7 Bc3
41. Rdd7 f4 42. g4 f3 43. h4 1-0

[Event "11th Ugra Governor's Cup"]
[Site "Khanty-Mansiysk RUS"]
[Date "2015.11.23"]
[Round "1.6"]
[White "Rakhmanov, Aleksandr"]
[Black "Belyakov, Bogdan"]
[Result "1/2-1/2"]
[WhiteTitle "GM"]
[BlackTitle "IM"]
[WhiteElo "2637"]
[BlackElo "2511"]
[WhiteFideId "4173708"]
[BlackFideId "24104795"]
[EventDate "2015.11.23"]

1. c4 Nf6 2. Nc3 g6 3. g3 Bg7 4. Bg2 O-O 5. e3 c5 6. Nge2 Nc6 7. O-O d6 8. b3
Bf5 9. Bb2 Qd7 10. Nf4 e5 11. Ncd5 Nxd5 12. Nxd5 Bd3 13. Re1 e4 14. Bf6 b5 15.
cxb5 Nb4 16. Bxg7 Kxg7 17. Nxb4 cxb4 18. Rc1 Kg8 19. Bf1 Rac8 20. Bxd3 exd3 21.
Qf3 Qxb5 22. Qg4 Rc5 23. Rxc5 Qxc5 24. Qe4 Qc2 25. Qxb4 Rc8 26. a4 Rc5 27. a5 a6
28. e4 Rb5 29. Qxd6 Qxd2 30. Re3 Rxb3 31. Qd8+ Kg7 32. Kg2 Qc3 33. Rf3 Qc4 34.
Qf6+ Kg8 35. Qd8+ Kg7 36. h4 h5 37. Kh2 Rb5 38. Qf6+ Kg8 39. Qd8+ Kg7 40. Qf6+
Kg8 41. Qd6 Rb3 42. e5 Rb5 43. Rxd3 Rxe5 44. Rf3 Qd5 45. Qf6 Re1 46. Qf4 Rb1 1/2-1/2

[Event "11th Ugra Governor's Cup"]
[Site "Khanty-Mansiysk RUS"]
[Date "2015.11.23"]
[Round "1.7"]
[White "Kokarev, Dmitry"]
[Black "Potapov, Pavel"]
[Result "1/2-1/2"]
[WhiteTitle "GM"]
[BlackTitle "IM"]
[WhiteElo "2611"]
[BlackElo "2476"]
[WhiteFideId "4132181"]
[BlackFideId "4169786"]
[EventDate "2015.11.23"]

1. e4 c5 2. Nc3 Nc6 3. Bb5 g6 4. Bxc6 dxc6 5. d3 Bg7 6. Be3 b6 7. f4 Nf6 8. Nf3
O-O 9. h3 Qc7 10. O-O Rd8 11. Qe1 Ba6 12. Qh4 c4 13. d4 c5 14. dxc5 bxc5 15. f5
Bb7 16. Bh6 Bh8 17. Rae1 Nh5 18. Nd5 Bxd5 19. exd5 Bf6 20. Qxc4 Qb7 21. g4 Ng7
22. Bc1 Qxd5 23. Qxd5 Rxd5 24. c3 e6 25. g5 Bd8 26. f6 Nf5 27. c4 Rd7 28. Rd1
Nd4 29. Kg2 Bc7 30. Nxd4 cxd4 31. Kf3 a5 32. Ke4 Bb6 33. Rd3 Rc8 34. b3 Rc5 35.
Rff3 Rf5 36. Bf4 h6 37. h4 Bc5 38. Bd2 Bb6 39. Bf4 Bc5 40. Bd2 Bb6 41. gxh6 Kh7
42. Bg5 Rdd5 43. Bf4 Rd7 44. Bg5 Rdd5 45. Bf4 Rd7 46. Bg5 1/2-1/2

[Event "11th Ugra Governor's Cup"]
[Site "Khanty-Mansiysk RUS"]
[Date "2015.11.23"]
[Round "1.8"]
[White "Matinian, Nikita"]
[Black "Ponkratov, Pavel"]
[Result "1/2-1/2"]
[WhiteTitle "IM"]
[BlackTitle "GM"]
[WhiteElo "2470"]
[BlackElo "2604"]
[WhiteFideId "24129100"]
[BlackFideId "4157800"]
[EventDate "2015.11.23"]

1. e4 e6 2. d4 d5 3. Nc3 Nf6 4. Bg5 dxe4 5. Nxe4 Be7 6. Bxf6 Bxf6 7. Nf3 O-O 8.
Qd2 Be7 9. Bd3 Nd7 10. O-O-O c5 11. Nxc5 Nxc5 12. dxc5 Qc7 13. Rhe1 Rd8 14. Kb1
Rd5 15. h4 Qxc5 16. Qf4 Qd6 17. Qe3 Qc5 18. Qf4 Bf6 19. Ng5 Qb6 20. Bxh7+ Kh8
21. b3 Qa5 22. Qe4 Rxd1+ 23. Rxd1 g6 24. Rd3 Kg7 25. Bxg6 fxg6 26. Rf3 Qd8 27.
Rd3 Qe8 28. Rg3 e5 29. h5 Bf5 30. Qxb7+ Qd7 31. Ne6+ Bxe6 32. Rxg6+ Kf7 33. Qxa8
Qd1+ 34. Kb2 Qd4+ 35. Kb1 Qd1+ 36. Kb2 Qd4+ 37. Kb1 Qd1+ 38. Kb2 1/2-1/2

[Event "11th Ugra Governor's Cup"]
[Site "Khanty-Mansiysk RUS"]
[Date "2015.11.23"]
[Round "1.9"]
[White "Goganov, Aleksey"]
[Black "Sarana, Alexey"]
[Result "1/2-1/2"]
[WhiteTitle "GM"]
[WhiteElo "2597"]
[BlackElo "2426"]
[WhiteFideId "24109959"]
[BlackFideId "24133795"]
[EventDate "2015.11.23"]

1. e4 c5 2. Nf3 d6 3. d4 cxd4 4. Nxd4 Nf6 5. Nc3 a6 6. h3 e5 7. Nde2 h5 8. g3
Be6 9. Bg2 Nbd7 10. O-O Rc8 11. a4 Be7 12. b3 Qc7 13. Bg5 O-O 14. f4 exf4 15.
gxf4 Nb8 16. Kh1 Qa5 17. f5 Bd7 18. Bxf6 Bxf6 19. Nd5 Bxa1 20. Ne7+ Kh7 21. Nf4
g6 22. Qxa1 Qe5 23. fxg6+ fxg6 24. Nfxg6 Qxa1 25. Nxf8+ Rxf8 26. Rxa1 Rf2 27.
Rd1 Rxc2 28. Rxd6 Rb2 29. Rb6 Bxa4 30. e5 Rxb3 31. Be4+ Kg7 32. Nf5+ Kf8 33.
Rf6+ Ke8 34. Ng7+ Ke7 35. Nf5+ Ke8 36. Nd6+ Ke7 37. Bd5 Bc6 38. Rf7+ Kd8 39.
Bxc6 Nxc6 40. Nxb7+ Ke8 41. Nd6+ Kd8 42. e6 Ne7 43. Kg2 Rb6 44. Rf8+ 1/2-1/2

[Event "11th Ugra Governor's Cup"]
[Site "Khanty-Mansiysk RUS"]
[Date "2015.11.23"]
[Round "1.10"]
[White "Korchmar, Vasiliy"]
[Black "Antipov, Mikhail Al."]
[Result "0-1"]
[WhiteTitle "IM"]
[BlackTitle "GM"]
[WhiteElo "2405"]
[BlackElo "2569"]
[WhiteFideId "24131750"]
[BlackFideId "4107012"]
[EventDate "2015.11.23"]

1. d4 e6 2. c4 Nf6 3. g3 c5 4. d5 exd5 5. cxd5 d6 6. Nc3 g6 7. Nf3 Bg7 8. Bg2
O-O 9. O-O Re8 10. Bf4 Na6 11. Re1 Bf5 12. Nd2 Nh5 13. e4 Nxf4 14. gxf4 Bd7 15.
Nc4 Qh4 16. e5 dxe5 17. fxe5 Qxc4 18. Re4 Qxe4 19. Nxe4 Bxe5 20. Qb3 Rab8 21.
Rd1 Bg4 22. Rd2 Bf5 23. Re2 Nc7 24. Bf3 b6 25. Kg2 Rbd8 26. Nd2 Bf4 27. Rxe8+
Nxe8 28. Ne4 Bxe4 29. Bxe4 Nf6 30. Bf3 Be5 31. Qa4 Rd7 32. b3 Kg7 33. h3 h5 34.
Qc6 Rc7 35. Qa4 Rd7 36. Qc6 Rc7 37. Qa4 Re7 38. Qc6 Ne8 39. Be2 Nf6 40. Bf3 Bf4
41. Kf1 Ne8 42. Be2 Be5 43. Kg2 Nf6 44. Bf3 Rd7 45. Kf1 Rc7 46. Qa4 Kf8 47. Kg2
Ne8 48. Be2 Bd4 49. Kf1 Nd6 50. Bd3 Kg7 51. Qa3 Kf8 52. Qa4 Ke7 53. Qa6 Kd8 54.
Kg2 Rd7 55. Qa4 Rc7 56. Qa6 Ke7 57. Qa4 Kf6 58. Kf1 Ke5 59. Bc4 Bc3 60. Qa3 Kf6
61. Bd3 Bd4 62. Qa4 Ke5 63. Bc4 g5 64. Be2 Kxd5 65. Bxh5 Ke5 66. Be2 f5 67. Bd3
g4 68. hxg4 fxg4 69. Be2 Rf7 70. Bxg4 Rxf2+ 71. Ke1 Ne4 72. Qe8+ Kf4 73. Be2
Bc3+ 74. Kd1 Bf6 75. Bc4 Rd2+ 76. Ke1 Rh2 77. Qb8+ Be5 78. Qxa7 Ke3 79. Qxb6
Bc3+ 80. Kf1 Nd2+ 0-1

[Event "11th Ugra Governor's Cup"]
[Site "Khanty-Mansiysk RUS"]
[Date "2015.11.24"]
[Round "2.1"]
[White "Eliseev, Urii"]
[Black "Rakhmanov, Aleksandr"]
[Result "1/2-1/2"]
[WhiteTitle "GM"]
[BlackTitle "GM"]
[WhiteElo "2548"]
[BlackElo "2637"]
[WhiteFideId "24131920"]
[BlackFideId "4173708"]
[EventDate "2015.11.23"]

1. e4 e6 2. d4 d5 3. Nc3 Nf6 4. e5 Nfd7 5. f4 c5 6. Nf3 Nc6 7. Be3 cxd4 8. Nxd4
Bc5 9. Qd2 Bxd4 10. Bxd4 Nxd4 11. Qxd4 Qb6 12. Qd2 Nc5 13. O-O-O Bd7 14. Qd4 a5
15. a3 Bc6 16. h4 h5 17. Rh3 g6 18. Kb1 Nd7 19. Qd2 Nc5 20. Qd4 Nd7 21. Ne2 Qxd4
22. Nxd4 Ke7 23. Rc3 Rac8 24. Rdd3 Rhd8 25. Be2 Ba4 26. b3 Bc6 27. Kb2 Rh8 28.
Rd1 Nb8 29. b4 Ba4 30. bxa5 Rxc3 31. Kxc3 Rc8+ 32. Kd2 Nc6 33. Nxc6+ Rxc6 34.
Rc1 Kd7 35. Bd3 Rc5 36. a6 b6 37. c4 d4 38. Be4 Bc6 39. Kd3 Ra5 40. Ra1 Rxa6 41.
a4 Bxa4 42. Kxd4 Ra5 43. g3 Kc7 44. Bd3 Ra8 1/2-1/2

[Event "11th Ugra Governor's Cup"]
[Site "Khanty-Mansiysk RUS"]
[Date "2015.11.24"]
[Round "2.2"]
[White "Bukavshin, Ivan"]
[Black "Predke, Alexandr"]
[Result "1/2-1/2"]
[WhiteTitle "GM"]
[WhiteElo "2657"]
[BlackElo "2518"]
[WhiteFideId "4199758"]
[BlackFideId "24107581"]
[EventDate "2015.11.23"]

1. e4 e5 2. Nf3 Nc6 3. Bb5 a6 4. Ba4 Nf6 5. O-O Be7 6. Re1 b5 7. Bb3 d6 8. c3
O-O 9. h3 Nb8 10. d3 Nbd7 11. Nbd2 Bb7 12. Nf1 Nc5 13. Bc2 Re8 14. Ng3 Bf8 15.
b4 Ncd7 16. Bb3 h6 17. Nh4 d5 18. Nhf5 c5 19. Bd2 a5 20. a3 axb4 21. axb4 Rxa1
22. Qxa1 c4 23. dxc4 dxc4 24. Bc2 Qc7 25. Rd1 Ra8 26. Qc1 Kh7 27. Be3 Bc6 28. f3
Ra2 29. Bb1 Ra8 30. Kh2 h5 31. Bg5 g6 32. Bh6 Ng8 33. Bxf8 Nxf8 34. Qg5 Ne6 35.
Qh4 Ng7 36. Nxg7 Kxg7 37. Qg5 Kf8 38. Nf1 Qe7 39. Qe3 h4 40. Qb6 Be8 41. Ne3 Qa7
42. Qd6+ Qe7 43. Qb6 Qa7 44. Qd6+ Qe7 1/2-1/2

[Event "11th Ugra Governor's Cup"]
[Site "Khanty-Mansiysk RUS"]
[Date "2015.11.24"]
[Round "2.3"]
[White "Rozum, Ivan"]
[Black "Khismatullin, Denis"]
[Result "0-1"]
[WhiteTitle "GM"]
[BlackTitle "GM"]
[WhiteElo "2559"]
[BlackElo "2654"]
[WhiteFideId "24104272"]
[BlackFideId "4142578"]
[EventDate "2015.11.23"]

1. d4 Nf6 2. c4 c6 3. Nf3 d5 4. e3 e6 5. Nbd2 Nbd7 6. b3 Bd6 7. Bb2 Ne4 8. Be2
O-O 9. O-O f5 10. Ne5 Nxe5 11. dxe5 Bb4 12. Nxe4 fxe4 13. f3 exf3 14. Rxf3 Bd7
15. a3 Ba5 16. Rxf8+ Qxf8 17. e4 Bb6+ 18. Kh1 Rd8 19. exd5 cxd5 20. Qc2 Bc6 21.
Rf1 Qe7 22. Bd3 dxc4 23. Bxh7+ Kh8 24. bxc4 Qh4 25. Bd3 Qg4 26. Bc1 Bc5 27. Qe2
Qxg2+ 28. Qxg2 Rxd3 29. Qxc6 bxc6 30. a4 Rc3 31. Bf4 Rxc4 32. a5 Kg8 33. Bg3 Ra4
34. Rb1 Rxa5 35. Rb8+ Kf7 36. Rc8 Ra6 37. Kg2 Bd4 38. Kf3 c5 39. Ke4 Ra4 40.
Rc7+ Kg6 41. Rc6 Bf2+ 42. Kf3 Bxg3 43. Kxg3 Kf5 44. Rxc5 g5 45. h3 Ra3+ 46. Kg2
Kf4 47. Rb5 Ra2+ 48. Kg1 Ke4 0-1

[Event "11th Ugra Governor's Cup"]
[Site "Khanty-Mansiysk RUS"]
[Date "2015.11.24"]
[Round "2.4"]
[White "Antipov, Mikhail Al."]
[Black "Artemiev, Vladislav"]
[Result "0-1"]
[WhiteTitle "GM"]
[BlackTitle "GM"]
[WhiteElo "2569"]
[BlackElo "2676"]
[WhiteFideId "4107012"]
[BlackFideId "24101605"]
[EventDate "2015.11.23"]

1. e4 c5 2. Nf3 e6 3. b3 a6 4. Bb2 Nc6 5. Nc3 d5 6. exd5 exd5 7. Qe2+ Be6 8.
O-O-O d4 9. Ne4 Be7 10. Kb1 h6 11. Ne1 Nf6 12. Nd3 Nxe4 13. Qxe4 Qd7 14. Re1 O-O
15. Nf4 Bf5 16. Qf3 Bg5 17. Nd5 Rae8 18. Bc4 Bg6 19. h4 Bxd2 20. Rd1 Ne5 21. Qg3
Nxc4 22. bxc4 Re2 23. h5 Bxc2+ 24. Kxc2 Bf4+ 0-1

[Event "11th Ugra Governor's Cup"]
[Site "Khanty-Mansiysk RUS"]
[Date "2015.11.24"]
[Round "2.5"]
[White "Aleksandrov, Aleksej"]
[Black "Drogovoz, Irina"]
[Result "1-0"]
[WhiteTitle "GM"]
[WhiteElo "2615"]
[BlackElo "2260"]
[WhiteFideId "13500139"]
[BlackFideId "4176715"]
[EventDate "2015.11.23"]

1. d4 Nf6 2. c4 g6 3. Nc3 d5 4. cxd5 Nxd5 5. Bd2 Bg7 6. e4 Nxc3 7. Bxc3 O-O 8.
Qd2 c5 9. d5 e6 10. Bc4 exd5 11. Bxd5 Nd7 12. Bxg7 Kxg7 13. Ne2 Nb6 14. Qc3+ Qf6
15. Bb3 Re8 16. f3 Bd7 17. O-O-O Rad8 18. Rd6 Qxc3+ 19. Nxc3 Bc6 20. Rhd1 Rxd6
21. Rxd6 Kf8 22. a4 c4 23. Bc2 Re5 24. f4 Ra5 25. g3 Bxa4 26. Rxb6 Bxc2 27. Rxb7
Bd3 28. Kd2 Ra1 29. b4 Ra3 30. b5 Bf1 31. Rb8+ Kg7 32. Ra8 Ra5 33. Ke3 f5 34. e5
Bg2 35. Rc8 a6 36. Rc7+ Kg8 37. Ra7 Rxb5 38. Nxb5 axb5 39. Kd4 Bc6 40. Re7 1-0

[Event "11th Ugra Governor's Cup"]
[Site "Khanty-Mansiysk RUS"]
[Date "2015.11.24"]
[Round "2.6"]
[White "Sjugirov, Sanan"]
[Black "Matinian, Nikita"]
[Result "1-0"]
[WhiteTitle "GM"]
[BlackTitle "IM"]
[WhiteElo "2646"]
[BlackElo "2470"]
[WhiteFideId "4189302"]
[BlackFideId "24129100"]
[EventDate "2015.11.23"]

1. d4 Nf6 2. c4 g6 3. g3 Bg7 4. Bg2 O-O 5. Nc3 c6 6. Nf3 d5 7. Qb3 Qb6 8. O-O
Rd8 9. c5 Qxb3 10. axb3 Na6 11. Bf4 Nh5 12. Bd2 h6 13. h3 Be6 14. g4 Nf6 15. Bf4
Nd7 16. Rxa6 bxa6 17. Ra1 f6 18. Rxa6 Rdc8 19. b4 Bf7 20. e3 e5 21. Bg3 Rab8 22.
Rxa7 Be6 23. b5 cxb5 24. b4 Ra8 25. Nxb5 Rxa7 26. Nxa7 Rc7 27. Nb5 Rb7 28. Bf1
Nb8 29. dxe5 Bd7 30. Nc3 Rxb4 31. exf6 Bf8 32. Nxd5 Rb1 33. Kg2 Nc6 34. Bc4 Kh7
35. Nb6 1-0

[Event "11th Ugra Governor's Cup"]
[Site "Khanty-Mansiysk RUS"]
[Date "2015.11.24"]
[Round "2.7"]
[White "Belyakov, Bogdan"]
[Black "Kokarev, Dmitry"]
[Result "1/2-1/2"]
[WhiteTitle "IM"]
[BlackTitle "GM"]
[WhiteElo "2511"]
[BlackElo "2611"]
[WhiteFideId "24104795"]
[BlackFideId "4132181"]
[EventDate "2015.11.23"]

1. e4 c5 2. Nf3 d6 3. Bb5+ Bd7 4. Bxd7+ Qxd7 5. c4 Nf6 6. Nc3 g6 7. O-O Bg7 8.
d4 cxd4 9. Nxd4 O-O 10. f3 Rc8 11. b3 d5 12. exd5 Nxd5 13. Nxd5 e6 14. Bh6 exd5
15. Bxg7 Kxg7 16. Nb5 dxc4 17. Nd6 Rd8 18. Nxb7 Qxd1 19. Rfxd1 Rxd1+ 20. Rxd1
cxb3 21. axb3 Nc6 22. Rd6 Rb8 23. Rxc6 Rxb7 24. Ra6 Rxb3 25. Rxa7 Rb1+ 26. Kf2
Rb2+ 27. Kg1 h5 28. Ra4 Rb1+ 29. Kf2 Rb2+ 30. Kg1 Kf6 31. h4 Rb1+ 32. Kf2 Rb2+
33. Kg3 Kg7 34. Ra6 Rc2 35. Kh3 Rc1 36. Kg3 Rb1 37. Kh3 Rb3 38. Kg3 Rc3 39. Kh3
Rc2 40. Kg3 Rb2 1/2-1/2

[Event "11th Ugra Governor's Cup"]
[Site "Khanty-Mansiysk RUS"]
[Date "2015.11.24"]
[Round "2.8"]
[White "Ponkratov, Pavel"]
[Black "Timofeev, Artyom"]
[Result "1/2-1/2"]
[WhiteTitle "GM"]
[BlackTitle "GM"]
[WhiteElo "2604"]
[BlackElo "2555"]
[WhiteFideId "4157800"]
[BlackFideId "4140419"]
[EventDate "2015.11.23"]

1. d4 d5 2. c4 e6 3. Nf3 c6 4. Qc2 Nf6 5. Nbd2 Nbd7 6. g3 b6 7. Bg2 Bb7 8. O-O
Be7 9. Rd1 O-O 10. e4 Rc8 11. e5 Ne8 12. cxd5 cxd5 13. Qd3 Qc7 14. Qe2 Nb8 15.
Ne1 Ba6 16. Qg4 Qd7 17. Ndf3 Nc6 18. Be3 f5 19. exf6 Nxf6 20. Qh3 Bd6 21. a3 Ne4
22. Nd3 Qf7 23. Rac1 h6 24. Qg4 Qf5 25. Bh3 Bxd3 26. Rxd3 Qxg4 27. Bxg4 Kf7 28.
Nd2 Nf6 29. Bd1 Ne7 30. Nb3 Nf5 31. Bd2 Ne4 32. Be1 Be7 33. f3 Ned6 34. Rb1 Bf6
35. Bf2 g5 36. Nc1 Rc6 37. Ne2 Rfc8 38. a4 a6 39. Kf1 Nc4 40. Kg2 Ncd6 41. Ra1
Nc4 42. Ra2 Ncd6 43. Kg1 Nc4 44. b3 Ncd6 45. Rdd2 Ne7 46. Bc2 R6c7 47. Bd3 a5
48. g4 Nc6 49. Rac2 Nb4 50. Rxc7+ Rxc7 51. Bb1 b5 52. Bg3 Rc6 53. Bxd6 Rxd6 54.
axb5 Rb6 55. Nc3 1/2-1/2

[Event "11th Ugra Governor's Cup"]
[Site "Khanty-Mansiysk RUS"]
[Date "2015.11.24"]
[Round "2.9"]
[White "Potapov, Pavel"]
[Black "Goganov, Aleksey"]
[Result "1/2-1/2"]
[WhiteTitle "IM"]
[BlackTitle "GM"]
[WhiteElo "2476"]
[BlackElo "2597"]
[WhiteFideId "4169786"]
[BlackFideId "24109959"]
[EventDate "2015.11.23"]

1. e4 e6 2. d4 d5 3. exd5 exd5 4. c4 Nf6 5. Nc3 Be7 6. Nf3 O-O 7. Be2 dxc4 8.
Bxc4 Nc6 9. Be3 Bg4 10. O-O Rb8 11. d5 Bxf3 12. Qxf3 Ne5 13. Qe2 Nxc4 14. Qxc4
b5 15. Qd3 b4 16. Ne4 Nxd5 17. Bxa7 Ra8 18. Bc5 c6 19. Qc4 Re8 20. a3 Bxc5 21.
Nxc5 Qf6 22. Nd3 bxa3 23. Rxa3 h6 24. Rxa8 Rxa8 25. h3 Rd8 26. Re1 Nb6 27. Qb3
Nd5 28. Qc4 Nb6 29. Qb3 Nd5 30. Qc4 Nb6 1/2-1/2

[Event "11th Ugra Governor's Cup"]
[Site "Khanty-Mansiysk RUS"]
[Date "2015.11.24"]
[Round "2.10"]
[White "Sarana, Alexey"]
[Black "Pridorozhni, Aleksei"]
[Result "1/2-1/2"]
[BlackTitle "GM"]
[WhiteElo "2426"]
[BlackElo "2563"]
[WhiteFideId "24133795"]
[BlackFideId "4127870"]
[EventDate "2015.11.23"]

1. g3 d5 2. Nf3 c6 3. Bg2 Bg4 4. O-O Nd7 5. h3 Bxf3 6. Bxf3 Ngf6 7. d3 e5 8. c4
dxc4 9. dxc4 Bc5 10. Nd2 O-O 11. Nb3 Bb6 12. Qc2 Qe7 13. a4 a5 14. Bg2 Nc5 15.
Nxc5 Bxc5 16. Bg5 h6 17. Bxf6 Qxf6 18. Rad1 Rad8 19. e3 Qe7 20. Rxd8 Rxd8 21.
Rd1 g6 22. Rxd8+ Qxd8 23. g4 Kg7 24. Kf1 Bb4 25. Ke2 Qd6 26. Qd3 Qxd3+ 27. Kxd3
Kf6 28. f4 exf4 29. exf4 Bd6 30. Ke4 g5 31. fxg5+ hxg5 32. Bf3 Bc5 33. Be2 Ke6
34. Bf3 f6 35. Be2 Bb6 36. b3 Bc5 37. Bf3 Bb6 38. Be2 Bc5 39. Bf3 Bb6 40. Be2
Bc5 1/2-1/2

[Event "11th Ugra Governor's Cup"]
[Site "Khanty-Mansiysk RUS"]
[Date "2015.11.25"]
[Round "3.1"]
[White "Artemiev, Vladislav"]
[Black "Aleksandrov, Aleksej"]
[Result "1/2-1/2"]
[WhiteTitle "GM"]
[BlackTitle "GM"]
[WhiteElo "2676"]
[BlackElo "2615"]
[WhiteFideId "24101605"]
[BlackFideId "13500139"]
[EventDate "2015.11.23"]

1. c4 e6 2. g3 d5 3. Bg2 Nf6 4. Nf3 dxc4 5. Qa4+ Nbd7 6. Qxc4 c5 7. Qb3 Rb8 8.
d3 Bd6 9. a4 b6 10. Na3 a6 11. O-O O-O 12. Nc4 Bc7 13. Bd2 Bb7 14. Rfc1 Ba8 15.
Qd1 Qe7 16. Qe1 b5 17. axb5 axb5 18. Na5 e5 19. b4 e4 20. dxe4 Nxe4 21. bxc5
Nxd2 22. Qxd2 Nxc5 23. Qc2 Bxa5 24. Rxa5 Ne6 25. Qb2 b4 26. Ne5 Bxg2 27. Kxg2
Rb6 28. Rd5 Qb7 29. e4 Rb5 30. Nc6 Rb6 31. Rd6 Rb5 32. Qb3 Re8 33. Ra1 Qc7 34.
Rad1 h6 35. Qa4 Qb7 36. Qb3 Qc7 37. Qa4 Qb7 38. Qb3 1/2-1/2

[Event "11th Ugra Governor's Cup"]
[Site "Khanty-Mansiysk RUS"]
[Date "2015.11.25"]
[Round "3.2"]
[White "Khismatullin, Denis"]
[Black "Sjugirov, Sanan"]
[Result "0-1"]
[WhiteTitle "GM"]
[BlackTitle "GM"]
[WhiteElo "2654"]
[BlackElo "2646"]
[WhiteFideId "4142578"]
[BlackFideId "4189302"]
[EventDate "2015.11.23"]

1. Nf3 c5 2. e4 d6 3. d4 cxd4 4. Nxd4 Nf6 5. Nc3 a6 6. h3 e5 7. Nb3 Be6 8. Be3
Be7 9. Qf3 O-O 10. g4 a5 11. O-O-O a4 12. Nc5 a3 13. Nxe6 axb2+ 14. Kxb2 fxe6
15. Bc4 Qc8 16. Qe2 b5 17. Bb3 d5 18. Nxb5 Nxe4 19. Rxd5 Nc3 20. Nxc3 Ba3+ 21.
Kb1 Qxc3 22. Bc1 exd5 23. Bxd5+ Kh8 24. Bxa8 Nc6 25. Bxc6 Qxc6 26. Bxa3 Qxh1+
27. Kb2 Rb8+ 28. Kc3 Qa1+ 29. Kd2 Rd8+ 0-1

[Event "11th Ugra Governor's Cup"]
[Site "Khanty-Mansiysk RUS"]
[Date "2015.11.25"]
[Round "3.3"]
[White "Eliseev, Urii"]
[Black "Bukavshin, Ivan"]
[Result "1/2-1/2"]
[WhiteTitle "GM"]
[BlackTitle "GM"]
[WhiteElo "2548"]
[BlackElo "2657"]
[WhiteFideId "24131920"]
[BlackFideId "4199758"]
[EventDate "2015.11.23"]

1. e4 e5 2. Nf3 Nc6 3. Bb5 Nf6 4. d3 Bc5 5. Bxc6 dxc6 6. Nbd2 Nd7 7. b3 O-O 8.
Bb2 Re8 9. O-O f6 10. Nh4 Nf8 11. Nf5 Be6 12. Qf3 Qd7 13. Kh1 Ng6 14. a4 Rad8
15. Nc4 Bxf5 16. Qxf5 Qxf5 17. exf5 Nh4 18. Ne3 e4 19. dxe4 Rxe4 20. g3 Nf3 21.
Rad1 Ree8 22. Rxd8 Rxd8 23. Kg2 Bxe3 24. Kxf3 Bc5 25. Re1 Kf7 26. Bc1 Rd5 27. g4
Bb4 28. Re4 Bd6 29. Bf4 Bxf4 30. Rxf4 c5 31. Re4 a5 32. Ke2 Rd6 33. Rc4 Rd5 34.
Re4 Rd6 35. Rc4 Rd5 36. Re4 Rd6 37. Rc4 Rd5 38. Re4 Rd6 39. Rc4 Rd5 40. Re4 Rd6 1/2-1/2